| 000 | 01815nam a2200517 i 4500 | ||
|---|---|---|---|
| 001 | 34045 | ||
| 003 | KOSZ 005 | ||
| 005 | 20200512132339.0 | ||
| 008 | 200512s1998 pl a f 000 0 pol | ||
| 015 | _aUWD 1999/2310 | ||
| 020 | _a8371581203 | ||
| 035 | _a991009020189705066 | ||
| 035 | _a(PL-WaBN)b12353784-48omnis_nlop | ||
| 035 | _ab12353784 | ||
| 035 | _a(OCoLC)749633680 | ||
| 035 | _a(PL)b0000001235378 | ||
| 035 | _a(EXLNZ-48OMNIS_NETWORK)9910474375105606 | ||
| 040 |
_aWA N _cWA N _dKOSZ 005/RW |
||
| 046 | _k1998 | ||
| 080 | _a004.42/.43 | ||
| 080 | _a(07) | ||
| 100 | 1 |
_aBrzózka, Jerzy _eAutor |
|
| 245 | 1 | 0 |
_aProgramowanie w Matlab / _cJerzy Brzózka, Lech Dorobczyński. |
| 260 |
_aWarszawa : _b"Mikom", _c1998. |
||
| 300 |
_a314 stron : _brysunki, wykresy ; _c24 cm + _edyskietka. |
||
| 336 |
_aTekst _btxt _2rdacontent |
||
| 337 |
_aBez urządzenia pośredniczącego _bn _2rdamedia |
||
| 338 |
_aWolumin _bnc _2rdacarrier |
||
| 380 | _aKsiążki | ||
| 380 | _aPublikacje dydaktyczne | ||
| 388 | _a1901-2000 | ||
| 388 | _a1989-2000 | ||
| 490 | 1 | _aBP | |
| 504 | _aBibliografia na stronach [313]-314. | ||
| 521 | 8 | _aKsiążka adresowana jest do uczniów starszych klas szkół średnich, studentów, nauczycieli, pracowników naukowych i wszystkich zainteresowanych wykorzystaniem języka programowania MATLAB. | |
| 650 | 7 |
_aMatlab _2DBN |
|
| 650 | 7 | _aJęzyki programowania | |
| 655 | 7 |
_aPodręcznik _2DBN |
|
| 658 | _aInformatyka i technologie informacyjne | ||
| 700 | 1 |
_aDorobczyński, Lech _eAutor |
|
| 710 | 2 |
_aWydawnictwo Mikom _4pbl |
|
| 830 | 0 | _aBP | |
| 856 |
_uhttp://koha.tu.koszalin.pl/cgi-bin/koha/opac-detail.pl?biblionumber=34045 _yKatalog online BPK |
||
| 942 |
_2UKD _cKS |
||
| 999 |
_c34045 _d34045 |
||